<?xml version="1.0" encoding="UTF-8"?>
<record
    xmlns:xsi="http://www.w3.org/2001/XMLSchema-instance"
    xsi:schemaLocation="http://www.loc.gov/MARC21/slim http://www.loc.gov/standards/marcxml/schema/MARC21slim.xsd"
    xmlns="http://www.loc.gov/MARC21/slim">

  <leader>01863nam a2200373 i 4500</leader>
  <controlfield tag="001">P20201218011</controlfield>
  <controlfield tag="008">220713s2020    ch      s     000 0 chi d</controlfield>
  <datafield tag="020" ind1=" " ind2=" ">
    <subfield code="a">9789571383972</subfield>
  </datafield>
  <datafield tag="041" ind1="1" ind2=" ">
    <subfield code="a">chi</subfield>
    <subfield code="h">eng</subfield>
  </datafield>
  <datafield tag="050" ind1=" " ind2="4">
    <subfield code="a">HQ755.8</subfield>
    <subfield code="b">N386 2020</subfield>
  </datafield>
  <datafield tag="100" ind1="1" ind2=" ">
    <subfield code="a">Naumburgk, Carla.</subfield>
  </datafield>
  <datafield tag="240" ind1="1" ind2="0">
    <subfield code="a">How to stop losing your sh*t with your kids : a practical guide to becoming a calmer, happier parent.</subfield>
    <subfield code="l">Chinese</subfield>
  </datafield>
  <datafield tag="245" ind1="1" ind2="0">
    <subfield code="6">880-01</subfield>
    <subfield code="a">Beng kui ma ma de zi jiu zhi nan</subfield>
    <subfield code="h">[electronic resource] :</subfield>
    <subfield code="b">bao chi leng jing, hua jie qin zi chong tu de nu qi ping fu fa /</subfield>
    <subfield code="c">Kala.Namuboge(Carla Naumburg) zhu ; Guo Tingxuan yi.</subfield>
  </datafield>
  <datafield tag="246" ind1="3" ind2="0">
    <subfield code="6">880-02</subfield>
    <subfield code="a">Bao chi leng jing, hua jie qin zi chong tu de nu qi ping fu fa</subfield>
  </datafield>
  <datafield tag="250" ind1=" " ind2=" ">
    <subfield code="6">880-03</subfield>
    <subfield code="a">Chu ban.</subfield>
  </datafield>
  <datafield tag="260" ind1=" " ind2=" ">
    <subfield code="6">880-04</subfield>
    <subfield code="a">Taibei Shi :</subfield>
    <subfield code="b">Shi bao wen hua,</subfield>
    <subfield code="c">2020.</subfield>
  </datafield>
  <datafield tag="300" ind1=" " ind2=" ">
    <subfield code="a">279 p.</subfield>
  </datafield>
  <datafield tag="490" ind1="1" ind2=" ">
    <subfield code="6">880-05</subfield>
    <subfield code="a">Jiao yang sheng huo ;</subfield>
    <subfield code="v">64</subfield>
  </datafield>
  <datafield tag="500" ind1=" " ind2=" ">
    <subfield code="a">Translation of: How to stop losing your sh*t with your kids : a practical guide to becoming a calmer, happier parent.</subfield>
  </datafield>
  <datafield tag="533" ind1=" " ind2=" ">
    <subfield code="a">Electronic reproduction.</subfield>
    <subfield code="b">New Taipei City :</subfield>
    <subfield code="c">Airiti.</subfield>
    <subfield code="n">System requirements: iRead eBook.</subfield>
    <subfield code="n">Available via World Wide Web.</subfield>
  </datafield>
  <datafield tag="650" ind1=" " ind2="0">
    <subfield code="a">Parenting.</subfield>
  </datafield>
  <datafield tag="650" ind1=" " ind2="0">
    <subfield code="a">Anger</subfield>
    <subfield code="v">Popular works.</subfield>
  </datafield>
  <datafield tag="700" ind1="1" ind2=" ">
    <subfield code="6">880-06</subfield>
    <subfield code="a">Guo, Tingxuan.</subfield>
  </datafield>
  <datafield tag="830" ind1=" " ind2="0">
    <subfield code="6">880-07</subfield>
    <subfield code="a">Jiao yang sheng huo ;</subfield>
    <subfield code="v">64.</subfield>
  </datafield>
  <datafield tag="856" ind1="4" ind2="0">
    <subfield code="u">https://www.airitibooks.com/Detail/Detail?PublicationID=P20201218011</subfield>
  </datafield>
  <datafield tag="880" ind1="1" ind2="0">
    <subfield code="6">245-01/</subfield>
    <subfield code="1"></subfield>
    <subfield code="a">&#x5D29;&#x6F70;&#x5ABD;&#x5ABD;&#x7684;&#x81EA;&#x6551;&#x6307;&#x5357;</subfield>
    <subfield code="h">[electronic resource] :</subfield>
    <subfield code="b">&#x4FDD;&#x6301;&#x51B7;&#x975C;, &#x5316;&#x89E3;&#x89AA;&#x5B50;&#x885D;&#x7A81;&#x7684;&#x6012;&#x6C23;&#x5E73;&#x5FA9;&#x6CD5; /</subfield>
    <subfield code="c">&#x5361;&#x62C9;.&#x7D0D;&#x59C6;&#x67CF;&#x683C;(Carla Naumburg)&#x8457; ; &#x90ED;&#x5EAD;&#x7444;&#x8B6F;.</subfield>
  </datafield>
  <datafield tag="880" ind1="3" ind2="0">
    <subfield code="6">246-02/</subfield>
    <subfield code="1"></subfield>
    <subfield code="a">&#x4FDD;&#x6301;&#x51B7;&#x975C;, &#x5316;&#x89E3;&#x89AA;&#x5B50;&#x885D;&#x7A81;&#x7684;&#x6012;&#x6C23;&#x5E73;&#x5FA9;&#x6CD5;</subfield>
  </datafield>
  <datafield tag="880" ind1=" " ind2=" ">
    <subfield code="6">250-03/</subfield>
    <subfield code="1"></subfield>
    <subfield code="a">&#x521D;&#x7248;.</subfield>
  </datafield>
  <datafield tag="880" ind1=" " ind2=" ">
    <subfield code="6">260-04/</subfield>
    <subfield code="1"></subfield>
    <subfield code="a">&#x81FA;&#x5317;&#x5E02; :</subfield>
    <subfield code="b">&#x6642;&#x5831;&#x6587;&#x5316;,</subfield>
    <subfield code="c">2020.</subfield>
  </datafield>
  <datafield tag="880" ind1="1" ind2=" ">
    <subfield code="6">490-05/</subfield>
    <subfield code="1"></subfield>
    <subfield code="a">&#x6559;&#x990A;&#x751F;&#x6D3B; ;</subfield>
    <subfield code="v">64</subfield>
  </datafield>
  <datafield tag="880" ind1="1" ind2=" ">
    <subfield code="6">700-06/</subfield>
    <subfield code="1"></subfield>
    <subfield code="a">&#x90ED;&#x5EAD;&#x7444;.</subfield>
  </datafield>
  <datafield tag="880" ind1=" " ind2="0">
    <subfield code="6">830-07/</subfield>
    <subfield code="1"></subfield>
    <subfield code="a">&#x6559;&#x990A;&#x751F;&#x6D3B; ;</subfield>
    <subfield code="v">64.</subfield>
  </datafield>
  <datafield tag="999" ind1=" " ind2=" ">
    <subfield code="c">38756</subfield>
    <subfield code="d">38756</subfield>
  </datafield>
</record>
